000 00668nam a22001937a 4500
005 20100805135455.0
010 _aENG-98201
020 _a9788189840327
_c150.00
035 _aEN-81734
037 _bDBAD/PUB
082 _a517.52
100 _aGanesan, V
_91229
245 _aAn introduction to real analysis /
_cby V. Ganesan
260 _aErode
_bPallvi Pathippagam
_c2008
270 _a194. Kanna Complex, Mutter Road
_bErode
_e11
300 _aiv, 150p.
_c20cm (pbk)
942 _2ddc
_cEN
_h517.52
_mGAN
999 _c39441
_d39441